000
00199 a2200097 4500
001
59059
100
_a
245
_a
Sao saal badh
260
_a
Lahore
_b
Jehangir Books
_c
2009
090
_c
36165
_d
36165
942
_a
NUST-CAE
_c
_c
29075
999
_c
294132
_d
294132